| 000 -LEADER |
| fixed length control field |
00398nam a22001577a 4500 |
| 003 - CONTROL NUMBER IDENTIFIER |
| control field |
LRUA |
| 005 - DATE AND TIME OF LATEST TRANSACTION |
| control field |
20231124204439.0 |
| 008 - FIXED-LENGTH DATA ELEMENTS--GENERAL INFORMATION |
| fixed length control field |
231124b xxu||||| |||| 00| 0 eng d |
| 040 ## - CATALOGING SOURCE |
| Transcribing agency |
CAM |
| 082 ## - DEWEY DECIMAL CLASSIFICATION NUMBER |
| Edition number |
MIN ROY 2018 C326 Or. |
| 100 ## - MAIN ENTRY--PERSONAL NAME |
| 9 (RLIN) |
16130 |
| Personal name |
ROYAL UNIVERSITY OF PHNOM PENH |
| 245 ## - TITLE STATEMENT |
| Title |
STRATEGIC PLAN 2014-2018 |
| 260 ## - PUBLICATION, DISTRIBUTION, ETC. (IMPRINT) |
| Place of publication, distribution, etc. |
CAMBODIA |
| Name of publisher, distributor, etc. |
Phnom Penh |
| Date of publication, distribution, etc. |
2018 |
| 300 ## - PHYSICAL DESCRIPTION |
| Extent |
III.13P |
| 942 ## - ADDED ENTRY ELEMENTS (KOHA) |
| Source of classification or shelving scheme |
|
| Koha item type |
ឯកសារយោង |